| 000 | 01590cad a22002535a 4500 | ||
|---|---|---|---|
| 001 | L147723 | ||
| 008 | 090609c2009 xxk f 000 0 eng u | ||
| 035 | _a(Sirsi) u147723 | ||
| 041 | _aeng | ||
| 050 | _a658.022 $2 18 | ||
| 110 | 2 |
_aRoyal Institution of Chartered Surveyors _94900 |
|
| 245 | 0 | 0 |
_aSetting up in practice as a partner, director or sole trader _h[electronic resource] |
| 250 | _aRev. ed. | ||
| 260 |
_aLondon _bRICS _c2009 |
||
| 300 |
_a1 folder _c30cm. |
||
| 505 | 2 | _aSetting up in practice letter -- Firm details form -- Professional indemnity insurance -- 2008 RICS Minimum Policy Wording -- Listed Insurers -- Low fee earners -- Professional indemnity insurance outlets -- Protecting against money laundering -- RICS Clients' money protection scheme -- Site board suppliers -- Statutory requirements -- Who's files are they anyway? -- Giving you a competitive edge -- Getting started checklist | |
| 520 | _aNotes which have been prepared for members who enquire about setting up in practice. Notes are revised every six months and members are advised to contact the RICS Professional Regulation and Consumer Protection, or check the relevant sources, for changes that may occur. Details of the statutory and RICS requirements are available at www.rics.org. | ||
| 521 | _aAdvanced | ||
| 590 | _aKA | ||
| 651 | 4 |
_aUnited Kingdom _y |
|
| 690 | _aMANAGEMENT-BUSINESS MANAGEMENT-PROFESSIONAL PRACTICE | ||
| 856 | 4 | 1 |
_uhttps://www.rics.org/site/scripts/documents_info.aspx?documentID=183 _zView the pack online (member-only content) at www.rics.org... |
| 942 | _n0 | ||
| 999 |
_c109705 _d109705 |
||